| 000 | 00000nam##2200000za#4500 |
| 001 | 9.670369 |
| 003 | CaOODSP |
| 005 | 20210615125438 |
| 007 | ta |
| 008 | 150407|2008||||xxc||||| f|0| 0 eng|d |
| 020 | |a978-0-662-05903-5 |
| 040 | |aCaOODSP|beng |
| 041 | |aeng |
| 041 | |afre |
| 043 | |an-cn--- |
| 086 | 1 |aHS24-47/2008 |
| 110 | 1 |aCanada. |bHuman Resources and Skills Development Canada. |bLabour Program. |
| 245 | 10|aRacism-free works |
| 260 | |bHuman Resources and Skills Development Canada. |c[2008]. |
| 300 | |aEnglish text, 1 folded sheet ([3p.]) ; |c22 cm. |
| 563 | |aPamphlet |
| 590 | |a09-06|b2009-02-06 |
| 690 | 07|aRacial discrimination|2gcpds |
| 776 | 0#|tLe travail sans racisme, c'est gagnant |w(CaOODSP)9.635653 |
| 776 | 0#|tRacism-free works |w(CaOODSP)9.691322 |
| 792 | |tLe travail sans racisme, c'est gagnant |efre|w(CaOODSP)9.670370 |
| 986 | |aLT-201-08-08 |